| 000 | 00793nam a22001817a 4500 | ||
|---|---|---|---|
| 003 | AUA.1 | ||
| 005 | 20251027080455.0 | ||
| 008 | 251027b xxu||||| |||| 00| 0 eng d | ||
| 040 | _cEGWEBO | ||
| 050 |
_aBX6131 _b.A56 2024 |
||
| 110 | _aSeventh-day Adventist Church- Office of Archives, Statistics, and Research | ||
| 245 |
_a2024 annual statistical report: New Series Volume 6 _bReport of the General Conference of Seventh-day Adventists for 2023 |
||
| 260 |
_aSilver Spring, MD _bSeventh-day Adventist Church - Office of Archives, Statistics, and Research _c2024 |
||
| 300 |
_a119p. _bcol ill. _c30cm |
||
| 500 | _aStatistics of the Seventh-day Adventist Church for 2021 | ||
| 650 |
_aSeventh-day Adventists _vStatistics _y2015-2016 |
||
| 942 |
_2lcc _cPER _hBX6131 _i.A56 2024 |
||
| 999 |
_c25236 _d25236 |
||